| 000 | 00759nam a2200253 a 4500 | ||
|---|---|---|---|
| 001 | BRCA_5098 | ||
| 005 | 20190320204934.0 | ||
| 008 | 171110s1962----gw-#######---#000-0#eng-# | ||
| 041 | _aeng | ||
| 044 | _agw | ||
| 050 | 4 |
_aN1080 _b.R68 1962 |
|
| 100 | 1 |
_aRothenstein, John _912999 |
|
| 245 | 1 | 0 |
_aThe Tate Gallery _cJohn Rothenstein. |
| 260 |
_aLondres _bThames and Hudson _c1962 |
||
| 300 |
_a288 p. _bil. (algunas a color), 80 láminas _c21 cm. |
||
| 500 | _aIncluye índice de ilustraciones e índice de autores | ||
| 500 | _aDD52 | ||
| 650 | 1 | 4 |
_aPinturas británicas _913000 |
| 650 | 1 | 4 |
_aEscultura británica _913001 |
| 650 | 1 | 4 |
_aArte moderno _ySiglo XX _91863 |
| 650 | 1 | 4 |
_aGalerías y museos _zInglaterra _913002 |
| 902 | _aGFM | ||
| 942 |
_2lcc _cB |
||
| 999 |
_c4792 _d4792 |
||